| 000 | 00612nam a2200205 u 4500 | ||
|---|---|---|---|
| 005 | 20240228064150.0 | ||
| 008 | 140930s2008 br r 000 0 spa d | ||
| 020 | _a4880123056 | ||
| 035 | _aUPN01000199876 | ||
| 049 | _aI | ||
| 050 | 4 |
_aPZ74.7 _bJ3.2 |
|
| 100 | 1 |
_aJafa, Manorama _936623 |
|
| 245 | 1 | 3 |
_aEl collar de la reina / _cManorama Jafa ; il. Pulak Biswas ; tr. Eduardo Campelo. |
| 260 |
_aSao Paulo, Bra. : _bShinseken, _c2008. |
||
| 300 |
_a[34] p. : _bil. col. |
||
| 650 | 4 |
_aLibros y lectura para niƱos _92290 |
|
| 650 | 4 |
_aHUMORISMO INFANTIL _915728 |
|
| 905 | _aInfantil | ||
| 999 |
_c171977 _d171977 |
||